00705nam a22002297a 4500003000900000005001700009008003500026017000900061020002200070020002900092035000600121040002500127082000900152245010500161260005200266300001800318500003800336650002100374650002100395650002700416700003200443DO-SdBNP20171206100109.0060721 1994 sp a spa  a b  a8439533896 (v. 2) a8439533861 (o. completa) a  aBPMSUbspacBPMSUe  4a b 00aBichos :bdescubre el fascinante mundo de los minimonstruos / h ccoordinador general Gerard Solé aBarcelona : bPlaneta de Agostini,c1994.e f  av. ;c28 cm. aLa biblioteca posee el volumen 2. 2NOVELA INGLESA  42MAGIA - NOVELA  42NOVELA JUVENIL INGLESA1 aSolé, Gerardecoordinador